Loading...
Azhakiya ravanan /
| Main Author: | |
|---|---|
| Format: | Printed Book |
| Language: | English |
| Published: |
Kozhikode:
Mathrubhumi Books,
c2012.
|
| Subjects: |
| LEADER | 00559 a2200169 4500 | ||
|---|---|---|---|
| 008 | 150103s9999 000 0 eng | ||
| 020 | |a 9788182653580 | ||
| 082 | |a 791.437 | ||
| 100 | |a Sreenivasan | ||
| 245 | |a Azhakiya ravanan / | ||
| 260 | |a Kozhikode: |b Mathrubhumi Books, |c c2012. | ||
| 300 | |a 134 p. | ||
| 650 | |a Motion pictures plays. | ||
| 653 | |a Screenplay. | ||
| 942 | |c BK | ||
| 999 | |c 308665 |d 308665 | ||
| 952 | |0 0 |1 0 |2 ddc |4 0 |6 791_437000000000000_SRE_AZ |7 0 |9 354233 |a DRA |b DRA |c ST1 |d 2018-01-27 |i 10072 |l 0 |o 791.437 SRE/AZ |p DRA10072 |r 2019-01-03 |v 90.00 |w 2019-01-03 |y BK | ||